000 00658nam a2200229 a 4500
001 42408
003 RjUL
005 20211209053534.0
008 160612s1959 nyua 000 0 eng d
035 _a(RjUL)42526
040 _aDLC
_cXAV
_dOCL
_dUKM
_dEQO
_d(BD RjUL)
_beng
041 _aeng
082 _a330
_223
_bBRE 1959
100 1 _aBrainard, Harry Gray,
_9130449
245 1 0 _aEconomics in action /
_cHarry Gray Brainard
260 _aNew York :
_bOxford University,
_c1959
300 _a441 p. :
_bill.;
_c24 cm.
500 _aIncludes Index
650 0 _aEconomics
_9130450
651 0 _aUnited States
_xEconomic conditions
_9116912
942 _2ddc
_cBK
999 _c42408
_d42408